Visual modeling with Rational Rose 2000 and UML -(E-BOOK) (Record no. 192048)
[ view plain ]
| 000 -LEADER | |
|---|---|
| fixed length control field | 01245 a2200253 4500 |
| 003 - CONTROL NUMBER IDENTIFIER | |
| control field | Nust |
| 005 - DATE AND TIME OF LATEST TRANSACTION | |
| control field | 20170207154029.0 |
| 010 ## - LIBRARY OF CONGRESS CONTROL NUMBER | |
| LC control number | 99044733 |
| 020 ## - INTERNATIONAL STANDARD BOOK NUMBER | |
| International Standard Book Number | 0201699613 |
| 035 ## - SYSTEM CONTROL NUMBER | |
| System control number | (DLC) 99044733 |
| 040 ## - CATALOGING SOURCE | |
| Transcribing agency | Nust |
| 082 00 - DEWEY DECIMAL CLASSIFICATION NUMBER | |
| Classification number | 005.117 |
| 100 1# - MAIN ENTRY--PERSONAL NAME | |
| Personal name | Quatrani, Terry. |
| 245 10 - TITLE STATEMENT | |
| Title | Visual modeling with Rational Rose 2000 and UML -(E-BOOK) |
| Statement of responsibility, etc. | Terry Quatrani. |
| 260 ## - PUBLICATION, DISTRIBUTION, ETC. | |
| Place of publication, distribution, etc. | Reading, Mass. : |
| Name of publisher, distributor, etc. | Addison Wesley, |
| Date of publication, distribution, etc. | c2000. |
| 300 ## - PHYSICAL DESCRIPTION | |
| Extent | xix, 256 p. : |
| Other physical details | ill. ; |
| Dimensions | 23 cm. |
| 440 #0 - SERIES STATEMENT/ADDED ENTRY--TITLE | |
| Title | Addison-Wesley object technology series |
| 505 ## - FORMATTED CONTENTS NOTE | |
| Formatted contents note | Chapter 1Introduction(Page-1) Chapter 2Beginning a Project (Page-13) Chapter 3Creating Use Case(Page-19) Chapter 4Finding Classes(Page-51) Chapter 5Discovering Object Interaction (Page-71) Chapter 6Specifying Relationships(Page-86) Chapter 7Adding Behavior and Structure(page-103) Chapter 8Discovering Inheritance(page-115) Chapter 9Analyzing Object Behavior(Page-129) Chapter 10Checking the Model(page-143) Chapter 11Designing the System Architecture(Page-151) Chapter 12Building the Iterations(page-169) |
| 650 #0 - SUBJECT ADDED ENTRY--TOPICAL TERM | |
| Topical term or geographic name entry element | Object-oriented methods (Computer science) |
| 650 #0 - SUBJECT ADDED ENTRY--TOPICAL TERM | |
| Topical term or geographic name entry element | UML (Computer science) |
| 650 #0 - SUBJECT ADDED ENTRY--TOPICAL TERM | |
| Topical term or geographic name entry element | Visual programming (Computer science) |
| 651 ## - SUBJECT ADDED ENTRY--GEOGRAPHIC NAME | |
| Geographic name | E-BOOK |
| 700 1# - ADDED ENTRY--PERSONAL NAME | |
| Personal name | Quatrani, Terry. |
| 942 ## - ADDED ENTRY ELEMENTS (KOHA) | |
| Source of classification or shelving scheme | |
| Koha item type | Book |
| Withdrawn status | Lost status | Source of classification or shelving scheme | Damaged status | Not for loan | Collection code | Permanent Location | Current Location | Date acquired | Total Checkouts | Full call number | Barcode | Date last seen | Price effective from | Koha item type |
|---|---|---|---|---|---|---|---|---|---|---|---|---|---|---|
| Military College of Signals (MCS) | Military College of Signals (MCS) | 12/12/2016 | 005.117 QUA | MCSEB-1196 | 12/08/2016 | 12/12/2016 | Book |
